LEADER 01031nam0-22003611i-450- 001 990009439990403321 005 20111006141515.0 010 $a978-0-19-851961-4 035 $a000943999 035 $aFED01000943999 035 $a(Aleph)000943999FED01 035 $a000943999 100 $a20111004d1984----km-y0itay50------ba 101 0 $aeng 102 $aGB 105 $ay-------001yy 200 1 $aGauge Theory of Elementary Particle Physics$fTa-Pei Cheng, Ling-Fong Li 205 $aReprinted with corrections 210 $aOxford$cClarendon press$d1984 215 $aXI, 536 p.$d25 cm 610 0 $aTeoria dei campi 610 0 $aTeoria dello scattering 610 0 $aTeoria dei molti corpi 676 $a539.721 700 1$aCheng,$bTa-Pei$053500 702 1$aLi,$bLing-Fong 801 0$aIT$bUNINA$gRICA$2UNIMARC 901 $aBK 912 $a990009439990403321 952 $a60 539.721 B 1$b13342$fFAGBC 959 $aFAGBC 996 $aGauge theory of elementary particle physics$9187123 997 $aUNINA LEADER 00952nam0-22003131i-450- 001 990004231690403321 005 20060109131845.0 010 $a88-16-60141-8 035 $a000423169 035 $aFED01000423169 035 $a(Aleph)000423169FED01 035 $a000423169 100 $a19990604d1998----km-y0itay50------ba 101 0 $aita 105 $aa-------001yy 200 1 $aSantiago$el'Europa del pellegrinaggio$ftesti di Paolo Caucci von saucken, René De la Coste-messelière ... [et al.]$ga cura di Paolo Caucci von Saucken 205 $a2. ed. 210 $aMilano$cJaca Book$d1998 215 $a388 p.$cill.$d34 cm 676 $a709.46$v21$zita 702 1$aCaucci vonSaucken,$bPaolo 702 1$aLa Coste-Messelière,$bRené : de 801 0$aIT$bUNINA$gRICA$2UNIMARC 901 $aBK 912 $a990004231690403321 952 $a709.46 CAU 1$bBibl.31631$fFLFBC 959 $aFLFBC 996 $aSantiago$9288871 997 $aUNINA LEADER 01258nam--2200349---450- 001 990003653720203316 005 20120420105629.0 010 $a88-87385-16-5 035 $a000365372 035 $aUSA01000365372 035 $a(ALEPH)000365372USA01 035 $a000365372 100 $a20120420d2007----km-y0itay50------ba 101 0 $aita 102 $aIT 105 $a||||||||001yy 200 1 $aEdizioni ebraiche del XVI secolo del Centro bibliografico dell'ebraismo italiano dell'Unione delle comunità ebraiche italiane$ecatalogo$fa cura di Amedeo Spagnoletto 210 $aRoma$cLitos$d2007 215 $a382 p.$d24 cm 300 $aIn testa al frontespizio: Centro bibliografico dell'ebraismo italiano 606 0 $aCinquecentine ebraiche$xCataloghi$2BNCF 676 $a011.0931 700 1$aSPAGNOLETTO,$bAmedeo$0612154 801 0$aIT$bsalbc$gISBD 912 $a990003653720203316 951 $aI.2.C. 300$b231053 L.M.$cI.2.C.$d00309641 959 $aBK 969 $aUMA 979 $aPASSARO$b90$c20120420$lUSA01$h1051 979 $aPASSARO$b90$c20120420$lUSA01$h1056 996 $aEdizioni ebraiche del XVI secolo del Centro bibliografico dell'ebraismo italiano dell'Unione delle comunità ebraiche italiane$91139987 997 $aUNISA